000 00359nam a2200169Ia 4500
008 230605s9999 xx 000 0 und d
041 _aeng
100 _aLilicrap
245 _aFood And Beverage service
250 _a7th
260 _bHodder Arnold
300 _a493
365 _b478
_h20
500 _a1577
520 _aGeneral
650 _aF. B.
999 _c418313
_d418313